Záchranná stanice. Vlčice Luna /

Vyprávění o záchraně mladé vlčice podle skutečné události, doplněné fakty o vlcích a záchranné stanici pro divoká zvířata.

Hlavní autor: Štelbaská, Zuzana
Další autoři: Zednikovičová, Lucia, Olivová, Jana
Jazyk: Čeština
Vydáno: V Praze : Fragment, 2023
Vydání: 1. vydání
Témata:
Fyzický popis: 110 stran : ilustrace ; 21 cm
Knihy
Uloženo v:
LEADER 02496nam a2200529 i 4500
001 nkc20233510001
003 CZ PrNK
005 20230607131240.0
007 ta
008 230413s2023 xr a b 000 j cze
015 |a cnb003510001 
020 |a 978-80-253-6243-3  |q (vázáno) :  |c Kč 199,00 
035 |a (OCoLC)1381703033 
040 |a ABG001  |b cze  |e rda 
041 1 |a cze  |h slo 
072 7 |a 821.162.4  |x Slovenská literatura  |2 Konspekt  |9 25 
072 7 |a 821-93  |x Literatura pro děti a mládež (beletrie)  |2 Konspekt  |9 26 
080 |a 821.162.4-32  |2 MRF 
080 |a 821-93  |2 MRF 
080 |a (0:82-32)  |2 MRF 
100 1 |a Štelbaská, Zuzana  |7 ola2014845438  |4 aut 
240 1 0 |a Vlčica Luna.  |l Česky 
245 1 0 |a Záchranná stanice.  |p Vlčice Luna /  |c Zuzana Štelbalská ; ilustrovala Lucia Zednikovičová ; ze slovenského originálu Záchranná stanica - Vlčica Luna ... přeložila Jana Olivová 
246 3 0 |a Vlčice Luna 
250 |a 1. vydání 
264 1 |a V Praze :  |b Fragment,  |c 2023 
300 |a 110 stran :  |b ilustrace ;  |c 21 cm 
336 |a text  |b txt  |2 rdacontent 
337 |a bez média  |b n  |2 rdamedia 
338 |a svazek  |b nc  |2 rdacarrier 
520 2 |a Vyprávění o záchraně mladé vlčice podle skutečné události, doplněné fakty o vlcích a záchranné stanici pro divoká zvířata.  |b Na výletě do hor zahlédnou Lukáš s maminkou osamělé malé štěně. Lukáš by si je chtěl pohladit, ale šedivý chlupáč uteče do lesa. Chlapec má o štěně strach, a tak přemluví rodiče a další den se na místo vrátí. Když vystrašené zvíře najdou, tatínek se domnívá, že to není pes, ale vlk! Zavolají tedy na pomoc horskou službu a její pracovníci převezou mládě do záchranné stanice. Nakladatelská anotace. Kráceno. 
521 8 |a Pro čtenáře od 7 let 
655 7 |a slovenské příběhy  |7 fd183398  |2 czenas 
655 7 |a publikace pro děti  |7 fd133156  |2 czenas 
655 9 |a Slovak stories  |2 eczenas 
655 9 |a children's literature  |2 eczenas 
700 1 |a Zednikovičová, Lucia  |7 xx0272866  |4 ill 
700 1 |a Olivová, Jana  |7 ola20201069150  |4 trl 
765 0 |t Záchranná stanica  |9 Česky 
787 0 8 |i Z cyklu:  |t Záchranná stanice  |g 1 
910 2 |a BOA001  |b 2-1507.042 
920 |a 4702343  |z ABG001 
928 9 |a Albatros Media - Fragment 
990 |a BK 
995 |a 01 
991 |b 202305  |c NOV 
996 6 |b 2610937416  |c 2-1507.042  |l MZK  |r Sklad / do 1 hodiny  |n 1  |p p.v.  |w 001923310  |u 000010  |a 1  |e BOA001  |j MZK50  |s P